000 00389nam a22001457a 4500
999 _c100468
_d100468
005 20200310105055.0
008 171205b xxu||||| |||| 00| 0 eng d
020 _a9781864706536
040 _cPK-LaUMT
082 _a711.4
_bGRE-
245 _aGreen space in the community /
_cedited by Steffan Robel
260 _aVictoria :
_bImages Publsihing,
_c2016
300 _a248 p.
942 _cBK